American Airport Codes - Statistics

General Stats
  • This quiz has been taken 72 times
  • The average score is 21 of 30
Answer Stats
Hint Answer % Correct
John F Kennedy International Airport JFK
97%
Los Angeles International Airport LAX
97%
Dallas Fort Worth International Airport DFW
94%
Hartsfield–Jackson Atlanta International Airport ATL
92%
Denver International Airport DEN
91%
Miami International Airport MIA
88%
Philadelphia International Airport PHL
86%
Seattle–Tacoma International Airport SEA
84%
Phoenix Sky Harbor International Airport PHX
83%
Salt Lake City International Airport SLC
81%
O'Hare International Airport ORD
78%
San Francisco International Airport SFO
78%
LaGuardia Airport LGA
72%
Minneapolis–Saint Paul International Airport MSP
72%
Austin–Bergstrom International Airport AUS
70%
Logan International Airport BOS
69%
Orlando International Airport MCO
66%
San Diego International Airport SAN
66%
Baltimore/Washington International Airport BWI
61%
Charlotte Douglas International Airport CLT
61%
Fort Lauderdale–Hollywood International Airport FLL
59%
Harry Reid International Airport LAS
58%
Midway International Airport MDW
58%
Newark Liberty International Airport EWR
56%
Dulles International Airport IAD
55%
Tampa International Airport TPA
55%
George Bush Intercontinental Airport IAH
52%
Ronald Reagan Washington National Airport DCA
50%
Detroit Metropolitan Airport DTW
45%
Nashville International Airport BNA
42%
No matching quizzes found
Score Distribution
Percent of People with Each Score
Percentile by Number Answered
Your Score History
You have not taken this quiz